Reading Agnes: The Rhetoric of Gender in Ambrose and Prudentius
Readings of two late fourth-century versions of the tale of the virgin martyr Agnes illumine the place of gender within a late ancient Christian discourse that locates itself in complex relation to both a Christian and a classical past. In Ambrose's account, the tale of Agnes, juxtaposed with t...
| Main Author: | |
|---|---|
| Format: | Electronic Article |
| Language: | English |
| Check availability: | HBZ Gateway |
| Interlibrary Loan: | Interlibrary Loan for the Fachinformationsdienste (Specialized Information Services in Germany) |
| Published: |
1995
|
| In: |
Journal of early Christian studies
Year: 1995, Volume: 3, Issue: 1, Pages: 25-46 |
| Online Access: |
Volltext (lizenzpflichtig) Volltext (lizenzpflichtig) |
| Parallel Edition: | Non-electronic
|
MARC
| LEADER | 00000caa a22000002c 4500 | ||
|---|---|---|---|
| 001 | 1789902509 | ||
| 003 | DE-627 | ||
| 005 | 20250324054809.0 | ||
| 007 | cr uuu---uuuuu | ||
| 008 | 220217s1995 xx |||||o 00| ||eng c | ||
| 024 | 7 | |a 10.1353/earl.0.0031 |2 doi | |
| 035 | |a (DE-627)1789902509 | ||
| 035 | |a (DE-599)KXP1789902509 | ||
| 040 | |a DE-627 |b ger |c DE-627 |e rda | ||
| 041 | |a eng | ||
| 084 | |a 1 |2 ssgn | ||
| 100 | 1 | |8 1\p |e VerfasserIn |0 (DE-588)136235220 |0 (DE-627)578118130 |0 (DE-576)164764976 |4 aut |a Burrus, Virginia |d 1959- | |
| 109 | |a Burrus, Virginia 1959- | ||
| 245 | 1 | 0 | |a Reading Agnes: The Rhetoric of Gender in Ambrose and Prudentius |
| 264 | 1 | |c 1995 | |
| 336 | |a Text |b txt |2 rdacontent | ||
| 337 | |a Computermedien |b c |2 rdamedia | ||
| 338 | |a Online-Ressource |b cr |2 rdacarrier | ||
| 520 | |a Readings of two late fourth-century versions of the tale of the virgin martyr Agnes illumine the place of gender within a late ancient Christian discourse that locates itself in complex relation to both a Christian and a classical past. In Ambrose's account, the tale of Agnes, juxtaposed with that of Thecla, constitutes a reworking of the apocryphal tale of the conversion and witness of a sexually continent woman. In Prudentius' text, allusions to the virginal heroine of classical tragedy represent Agnes as a new Polyxena. Through such intertextual play, the ambiguously gendered virgin martyr emerges not only as a model for the disciplining of the would-be virago of female asceticism but also as a representation of the "body" of a discourse of orthodoxy that deploys the dual rhetorics of martyrdom and empire, inscribing itself as feminine in an ascetic subversion of the masculine discourse of clssical speech, whereby the transcendently male authority of this Christian discourse is paradoxically asserted. | ||
| 773 | 0 | 8 | |i Enthalten in |t Journal of early Christian studies |d Baltimore, Md. : Johns Hopkins Univ. Press, 1993 |g 3(1995), 1, Seite 25-46 |h Online-Ressource |w (DE-627)302925481 |w (DE-600)1492973-9 |w (DE-576)266224059 |x 1086-3184 |7 nnas |
| 773 | 1 | 8 | |g volume:3 |g year:1995 |g number:1 |g pages:25-46 |
| 776 | |i Erscheint auch als |n Druckausgabe |w (DE-627)1635677432 |k Non-Electronic | ||
| 856 | 4 | 0 | |u https://doi.org/10.1353/earl.0.0031 |x Resolving-System |z lizenzpflichtig |3 Volltext |7 1 |
| 856 | 4 | 0 | |u https://muse.jhu.edu/article/244826 |x Verlag |z lizenzpflichtig |3 Volltext |7 1 |
| 883 | |8 1\p |a cgwrk |d 20250301 |q DE-101 |u https://d-nb.info/provenance/plan#cgwrk | ||
| 935 | |a mteo | ||
| 951 | |a AR | ||
| ELC | |a 1 | ||
| ITA | |a 1 |t 1 | ||
| LOK | |0 000 xxxxxcx a22 zn 4500 | ||
| LOK | |0 001 4060929344 | ||
| LOK | |0 003 DE-627 | ||
| LOK | |0 004 1789902509 | ||
| LOK | |0 005 20220217053421 | ||
| LOK | |0 008 220217||||||||||||||||ger||||||| | ||
| LOK | |0 035 |a (DE-Tue135)IxTheo#2022-01-29#898D13DED5FD6101063BBD86E57D23F7928A5918 | ||
| LOK | |0 040 |a DE-Tue135 |c DE-627 |d DE-Tue135 | ||
| LOK | |0 092 |o n | ||
| LOK | |0 852 |a DE-Tue135 | ||
| LOK | |0 852 1 |9 00 | ||
| LOK | |0 935 |a ixzs |a ixrk |a zota | ||
| LOK | |0 939 |a 17-02-22 |b l01 | ||
| ORI | |a SA-MARC-ixtheoa001.raw | ||